00294nam a2200121Ia 4500008004100000041000900041082001800050100001700068245003300085260003900118300000700157650000800164230718s9999 xx 000 0 und d aEng. a340.59bKHU-T aKhussam Umer 4aThe Qanon Shahadat(1984) Act aPakistanbManzoor Book Housec2009 a88 aLaw